000 00374 a2200169 4500
001 175491
020 _a85-16-00340-X
040 _cMagnum
100 _aMurgel Branco, Samuel
240 1 0 _aNatureza e agroquímicos
_lpor
245 1 0 _aNatureza e agroquímicos
300 _a56
362 0 _a1993
440 1 _aModerna
697 _aCIÊNCIAS AMBIENTAIS
942 _cBK
999 _c175491
_d175491